书目信息 |
| 题名: |
高等师范院校体育系科体育理论(试用教材)
|
|
| 作者: | ||
| 分册: | ||
| 出版信息: | 1983 |
|
| 页数: | 194页 | |
| 开本: | 26cm | |
| 丛书名: | ||
| 单 册: | ||
| 中图分类: | G80 | |
| 科图分类: | ||
| 主题词: | ||
| 电子资源: | ||
| ISBN: | ||
| 000 | 00464nam0 2200145 450 | |
| 001 | 202410242970972698 | |
| 005 | 20241024160240.78 | |
| 100 | @a20241024d km y0chiy0120 ea | |
| 101 | 0 | @achi |
| 200 | 1 | @a高等师范院校体育系科体育理论(试用教材)@AGao Deng Shi Fan Yuan Xiao Ti Yu Xi Ke Ti Yu Li Lun(Shi Yong Jiao Cai) |
| 210 | @d1983 | |
| 215 | @a194页@d26cm | |
| 690 | @aG80@v4 | |
| 801 | 0 | @aCN@b大连网信软件有限公司图书馆·11@c20241024 |
| 905 | @aZUCC@b1432175@dG80@e2127@f1 | |
| 高等师范院校体育系科体育理论(试用教材).-1983 |
| 194页;26cm |
| ISBN : |
| ● |
| 相关链接 |
|
|
|
|
正题名:高等师范院校体育系科体育理论(试用教材)
索取号:G80/2127
 
预约/预借
| 序号 | 登录号 | 条形码 | 馆藏地/架位号 | 状态 | 备注 |
| 1 | 1432175 | 214321759 | 密集书库2/ [索取号:G80/2127] | 在馆 |